Tilastot visalle Valtiot, joissa on eniten aavikkoa

Klikkaa tästä pelataksesi tätä visaa!

Yleistilastot

  • Tätä visaa on pelattu 1 133 kertaa
  • Keskiarvotulos 16 / 21

Vastaustilastot

Pinta-ala (km2)Valtio% Oikein
900 000Egypti
93%
2 100 000Algeria
87%
2 000 000Kiina
87%
1 900 000Venäjä
85%
500 000Yhdysvallat
85%
1 600 000Libya
84%
2 100 000Saudi-Arabia
83%
1 500 000Sudan
80%
2 500 000Australia
78%
400 000Mongolia
77%
750 000Niger
77%
400 000Iran
76%
800 000Tšad
74%
750 000Mali
73%
2 000 000Kanada
71%
1 000 000Mauritania
66%
400 000Argentiina
60%
450 000Pakistan
58%
500 000Jemen
56%
500 000Namibia
53%
450 000Somalia
51%

Tulosjakauma

Persentiili vastausten määrän mukaan

Jokaisen tuloksen saaneiden osuus

Tuloshistoriasi

Et ole pelannut tätä visaa